Statistiken für Austropop-Musiker

Klicken Sie hier um das Quiz zu spielen!

Allgemein

  • Dieses Quiz wurde 273 mal gespielt
  • Das Durchschnittsergebnis liegt bei 10 aus 20

Antwortstatistiken

LiederInterpret% Korrekt
Vienna Calling, Rock me Amadeus, JeannyFalco
95%
Anton aus Tirol, Hey Baby (Uhh, Ahh), Ein Stern (… der deinen Namen trägt)DJ Ötzi
86%
Küss’ die Hand, schöne Frau, Ba-Ba-Banküberfall, Ding DongEAV
75%
Fürstenfeld, Irgendwann bleib i dann dort, GroßvaterS.T.S.
72%
Macho, Macho, I am from Austria, BlondRainhard Fendrich
71%
Ham kummst, Ala bin,
Herr Inspektor
Seiler und Speer
68%
Live is Life, Flyin' High, WhitelandOpus
65%
Heast as nit, Brenna tuat’s guat, Koa HiatamadlHubert von Goisern
63%
Zwickt's mi, Schifoan,
Langsam wochs’ ma z’amm
Wolfgang Ambros
63%
Columbo, Bussi Baby, BolognaWanda
57%
Ich lebe, Nie genug, Millionen LichterChristina Stürmer
53%
Jö schau, Hupf in Gatsch,
So a Dodl mid da Rodl
Georg Danzer
51%
Du entschuldige – i kenn’ di, Reif für die Insel, Segel im WindPeter Cornelius
48%
Bungalow, Maschin,
Eine Nacht in Manila
Bilderbuch
31%
Wie a Glock’n, Musik,
Gute Lieder sind wie Pistolen
Marianne Mendt
29%
Fandango, Trag meine Liebe wie einen Mantel, KokainBoris Bukowski
19%
Rostige Flügel, Lonely Boy, RudiJohann K.
16%
Stoak wie a Felsen, Flamenco Turistico, SommerStefanie Werger
16%
My Little World, Hollywood, Baby BlueWaterloo & Robinson
16%
Tell Me a Poem, On The Day Before Christmas, WakePapermoon
12%

Verteilung der Resultate

Perzentil nach korrekt beantworteten Fragen

Anzahl Personen mit jedem Resultat

Ihre Resultats-Entwicklung

Sie haben dieses Quiz noch nicht gespielt